000 00453 a2200133 4500
000 nam a22 7a 4500
005 20251231112728.0
020 _a9788126340866
100 _aमोहन, नरेन्द्र
_9860577
245 _aविभाजन: भारतीय भाषाओं की कहानियाँ
250 _a2 संस्करण
260 _bभारतीय ज्ञानपीठ
_c2012
942 _cTB
999 _c1466660
_d1466660